| 000 | 00650nam a2200241 a 4500 | ||
|---|---|---|---|
| 001 | 9237 | ||
| 003 | CO-ViMGA | ||
| 008 | 141112s2004 ck r 000 u spa d | ||
| 040 |
_aCO-ViMGA _bspa _cCO-ViMGA |
||
| 082 | _a930 M776 | ||
| 100 | 1 | _aMontenegro González, Augusto | |
| 245 | 1 | 0 | _aHistoria del antiguo continente. |
| 260 |
_aBogotá : _bNorma, _c1999. |
||
| 300 | _a303p. : il. | ||
| 500 | _aMapamundi.. | ||
| 650 | 1 | 4 |
_aANTIGUO CONTINENTE _95255 |
| 650 | 1 | 4 |
_aCIVILIZACIONES ORIENTALES _95256 |
| 650 | 1 | 4 |
_aEDAD MEDIA _95257 |
| 650 | 1 | 4 |
_aEDAD MODERNA _95258 |
| 650 | 1 | 4 |
_aHISTORIA _95259 |
| 650 | 1 | 4 |
_aSIGLO XX _95260 |
| 942 |
_2ddc _cBK |
||
| 999 |
_c10719 _d10719 |
||